[Event "Cap d'Agde Cavalier op"]
[Site "Cap d'Agde"]
[Date "2008.10.30"]
[Round "7"]
[White "Ringuet, Noe"]
[Black "Cwiek, Loic"]
[Result "1/2-1/2"]
[WhiteElo "1860"]
[BlackElo "1993"]
[PlyCount "60"]
[EventDate "2008.10.25"]
[EventType "swiss"]
[EventRounds "9"]
[EventCountry "FRA"]
[SourceTitle "EXT 2010"]
[Source "ChessBase"]
[SourceDate "2010.11.25"]
[SourceVersion "1"]
[SourceVersionDate "2010.11.25"]
[SourceQuality "1"]

1. d4 d5 2. c4 e6 3. Nc3 Nf6 4. cxd5 exd5 5. Bg5 Nbd7 6. e3 c6 7. Bd3 Be7 8. Qc2 0-0 9. Nge2 Re8 10. 0-0 Nf8 11. a3 Ne4 12. Bxe7 Qxe7 13. Bxe4 dxe4 14. Na4 f5 15. b4 Be6 16. Rfc1 Nd7 17. Nc5 Nb6 18. Nxe6 Qxe6 19. Nf4 Qf7 20. Qa2 Rad8 21. Rc5 Qxa2 22. Rxa2 Nd5 23. Nxd5 Rxd5 24. Rxd5 cxd5 25. Rc2 Re7 26. Rc5 Rd7 27. Kf1 Kf7 28. Ke2 g5 29. g3 Ke7 30. Kd2 g4 1/2-1/2

[Event "Pic d'Anie op 3rd"]
[Site "Pic d'Anie"]
[Date "2006.08.11"]
[Round "6"]
[White "Cwiek, Loic"]
[Black "Gipouloux, Laurent"]
[Result "1/2-1/2"]
[WhiteElo "1981"]
[BlackElo "1806"]
[PlyCount "138"]
[EventDate "2006.08.07"]
[EventType "swiss"]
[EventRounds "7"]
[EventCountry "FRA"]
[SourceTitle "CBM 113 Extra"]
[Source "ChessBase"]
[SourceDate "2006.09.14"]
[SourceVersion "1"]
[SourceVersionDate "2006.09.14"]
[SourceQuality "1"]

1. d4 d5 2. Nf3 Nf6 3. c4 e6 4. e3 Nbd7 5. Nc3 c6 6. Qc2 Bd6 7. Bd3 e5 8. cxd5 cxd5 9. dxe5 Nxe5 10. Nxe5 Bxe5 11. 0-0 0-0 12. Rd1 Qc7 13. h3 Be6 14. Nb5 Qxc2 15. Bxc2 Rac8 16. Bb3 a6 17. Nd4 Rc7 18. Nf3 Bd6 19. Bd2 Rfc8 20. Rac1 h6 21. Rc3 Ne4 22. Rxc7 Bxc7 23. Bb4 Nf6 24. Bc3 Bd8 25. Kf1 Be7 26. Ke2 Kf8 27. Be5 Ke8 28. Rd2 Ne4 29. Rd1 Nf6 30. Nd4 Kf8 31. f3 Rc5 32. Nc2 Nd7 33. Bd4 Rc8 34. Bc3 Nf6 35. Nb4 Rd8 36. Nd3 Ke8 37. Bb4 Bxb4 38. Nxb4 Ke7 39. Rc1 Kd6 40. Nc2 Rc8 41. Kd2 Nd7 42. Nd4 Rxc1 43. Kxc1 Nc5 44. Bc2 Bd7 45. Nf5+ Bxf5 46. Bxf5 Ke5 47. Bc2 a5 48. f4+ Kd6 49. Kd2 b5 50. a3 a4 51. Kc3 Na6 52. Kd4 Nc5 53. Bd1 Ne6+ 54. Kc3 Kc5 55. b4+ Kd6 56. Bg4 d4+ 57. Kd3 dxe3 58. Bxe6 e2 59. Kxe2 Kxe6 60. Ke3 Kd5 61. Kd3 f5 62. g4 g6 63. g5 hxg5 64. fxg5 f4 65. h4 Ke5 66. Ke2 Ke6 67. Kf2 Kf5 68. Kf3 Ke5 69. Ke2 Ke6 1/2-1/2

[Event "Pic d'Anie op 3rd"]
[Site "Pic d'Anie"]
[Date "2006.08.08"]
[Round "2"]
[White "Cwiek, Loic"]
[Black "Ferrand, Sebastien"]
[Result "1-0"]
[WhiteElo "1981"]
[BlackElo "1897"]
[PlyCount "53"]
[EventDate "2006.08.07"]
[EventType "swiss"]
[EventRounds "7"]
[EventCountry "FRA"]
[SourceTitle "CBM 113 Extra"]
[Source "ChessBase"]
[SourceDate "2006.09.14"]
[SourceVersion "1"]
[SourceVersionDate "2006.09.14"]
[SourceQuality "1"]

1. d4 d5 2. Nf3 Nf6 3. c4 e6 4. e3 c5 5. Nc3 Nc6 6. a3 cxd4 7. exd4 dxc4 8. Bxc4 Be7 9. 0-0 0-0 10. b4 Qc7 11. Qb3 Rd8 12. d5 exd5 13. Nxd5 Nxd5 14. Bxd5 Rxd5 15. Qxd5 Be6 16. Qe4 Bd6 17. Bb2 Rd8 18. Ng5 Bd5 19. Qxh7+ Kf8 20. Qxg7+ Ke8 21. Rfe1+ Ne7 22. Nh7 Bxh2+ 23. Kh1 Bxg2+ 24. Qxg2 Bd6 25. Nf6+ Kf8 26. Rxe7 Qxe7 27. Qg8# 1-0

[Event "FRA-chT N1"]
[Site "France"]
[Date "2005.05.06"]
[Round "9.7"]
[White "Jossien, Remy"]
[Black "Cwiek, Loic"]
[Result "1-0"]
[WhiteElo "2181"]
[BlackElo "2024"]
[PlyCount "61"]
[EventDate "2005.05.05"]
[EventType "team"]
[EventRounds "11"]
[EventCountry "FRA"]
[SourceTitle "EXT 2006"]
[Source "ChessBase"]
[SourceDate "2005.11.24"]
[SourceVersion "1"]
[SourceVersionDate "2005.11.24"]
[SourceQuality "1"]

1. d4 d5 2. Nc3 Bf5 3. f3 e6 4. Bf4 Nf6 5. Qd2 c5 6. Nb5 Na6 7. g4 Bg6 8. c3 cxd4 9. Nxd4 Nd7 10. Bg3 Bc5 11. e3 Nc7 12. Nh3 0-0 13. Nf4 e5 14. Nxg6 fxg6 15. Nc2 Qe7 16. 0-0-0 Nb6 17. f4 exf4 18. exf4 Rad8 19. Bd3 Nc4 20. Qe2 Qxe2 21. Bxe2 Ne3 22. Rd3 Nxc2 23. Kxc2 Ne6 24. Rf1 d4 25. Bf3 Kh8 26. Bxb7 Bd6 27. cxd4 Bxf4 28. d5 Nc5 29. Rxf4 Nxb7 30. Rxf8+ Rxf8 31. Rc3 1-0

[Event "Calvi Balagne op 02nd"]
[Site "Calvi"]
[Date "2005.02.25"]
[Round "8"]
[White "Cwiek, Loic"]
[Black "Pitz Jacobsen, Maria"]
[Result "1-0"]
[WhiteElo "2042"]
[BlackElo "1399"]
[PlyCount "89"]
[EventDate "2005.02.20"]
[EventType "swiss"]
[EventRounds "9"]
[EventCountry "FRA"]
[SourceTitle "CBM 105 Extra"]
[Source "ChessBase"]
[SourceDate "2005.05.01"]
[SourceVersion "1"]
[SourceVersionDate "2005.05.01"]
[SourceQuality "1"]

1. d4 d5 2. Nf3 Nf6 3. c4 Bf5 4. Qb3 b6 5. Nc3 e6 6. Bg5 dxc4 7. Qxc4 Be7 8. e3 0-0 9. Bf4 c5 10. Rd1 Qc8 11. Nb5 Nd5 12. Nd6 Bxd6 13. Bxd6 Rd8 14. dxc5 bxc5 15. Qxc5 Qxc5 16. Bxc5 Nd7 17. Bd4 Rdc8 18. Ba6 Rc2 19. 0-0 Nb4 20. Bb5 Nb6 21. a3 N4d5 22. Ne5 Rac8 23. Bd3 Bxd3 24. Nxd3 f6 25. e4 Ne7 26. f3 e5 27. Bxb6 axb6 28. Rf2 Rxf2 29. Nxf2 Nc6 30. Rc1 Kf7 31. Nd3 Ke7 32. b4 Kd7 33. b5 Nd4 34. Rxc8 Kxc8 35. a4 Kc7 36. Kf2 Kd6 37. h4 h6 38. Ke3 g6 39. Nb4 f5 40. f4 Ne6 41. fxe5+ Kxe5 42. Nd5 fxe4 43. Nxb6 Nd4 44. Nd7+ Kd5 45. Nf6+ 1-0

[Event "Calvi Balagne op 02nd"]
[Site "Calvi"]
[Date "2005.02.21"]
[Round "2"]
[White "Cwiek, Loic"]
[Black "Campana, Marc Antoine"]
[Result "0-1"]
[WhiteElo "2042"]
[BlackElo "1660"]
[PlyCount "78"]
[EventDate "2005.02.20"]
[EventType "swiss"]
[EventRounds "9"]
[EventCountry "FRA"]
[SourceTitle "CBM 105 Extra"]
[Source "ChessBase"]
[SourceDate "2005.05.01"]
[SourceVersion "1"]
[SourceVersionDate "2005.05.01"]
[SourceQuality "1"]

1. Nf3 Nf6 2. c4 e6 3. d4 d5 4. e3 c6 5. Bd3 Bd6 6. Nc3 Nbd7 7. 0-0 0-0 8. e4 dxc4 9. Bxc4 e5 10. dxe5 Nxe5 11. Nxe5 Bxe5 12. Qc2 Re8 13. f3 Qd4+ 14. Kh1 Qxc4 15. Bd2 Be6 16. Rfe1 Rad8 17. f4 Bxc3 18. Bxc3 Qd3 19. Qa4 Qc4 20. Qxa7 Nxe4 21. Be5 Qc5 22. Qxc5 Nxc5 23. Bc7 Rc8 24. Bd6 Nd3 25. Re2 Bf5 26. Rd2 Rcd8 27. Bc7 Rd7 28. Bb6 Nxf4 29. Rf2 Nd5 30. Ba5 Be4 31. Kg1 Ne3 32. Re1 Rd1 33. Rxd1 Nxd1 34. Re2 f6 35. Bb6 Bg6 36. Rxe8+ Bxe8 37. b4 Nc3 38. a3 Bf7 39. Bd4 Ne2+ 0-1

[Event "Pic d'Anie op 1st"]
[Site "Arette"]
[Date "2004.08.??"]
[Round "3"]
[White "Malakhatko, Vadim"]
[Black "Cwiek, Loic"]
[Result "1-0"]
[WhiteElo "2555"]
[BlackElo "2066"]
[PlyCount "97"]
[EventDate "2004.08.??"]
[EventType "swiss"]
[EventRounds "7"]
[EventCountry "FRA"]
[SourceTitle "EXT 2007"]
[Source "ChessBase"]
[SourceDate "2006.11.23"]
[SourceVersion "1"]
[SourceVersionDate "2006.11.23"]
[SourceQuality "1"]

1. d4 d5 2. c4 e6 3. Nc3 Nf6 4. Nf3 c6 5. Bg5 Nbd7 6. e3 Qa5 7. cxd5 Nxd5 8. Qd2 Bb4 9. Rc1 0-0 10. Bd3 c5 11. a3 cxd4 12. axb4 dxc3 13. bxc3 Qc7 14. c4 N5f6 15. 0-0 e5 16. Bf5 Rd8 17. Qb2 e4 18. Bf4 Qb6 19. c5 Qa6 20. b5 Qa4 21. Ra1 Qc4 22. Rac1 Qd5 23. Bxd7 Bxd7 24. Rfd1 Qh5 25. Ne5 Be6 26. Rd2 Nd5 27. c6 Nxf4 28. exf4 bxc6 29. bxc6 f6 30. Nd7 Qe8 31. Rcd1 e3 32. fxe3 Bxd7 33. cxd7 Qxe3+ 34. Kh1 Qxf4 35. Qa2+ Kf8 36. h3 Qc7 37. Qa3+ Kf7 38. Rd6 Rab8 39. Qf3 Qa5 40. R6d5 Qa4 41. Qh5+ Kg8 42. Qf5 Rb6 43. Rc1 Rc6 44. Re1 Rb6 45. Rd2 Qc6 46. Re7 Rbb8 47. Qh5 Rf8 48. d8Q Qc1+ 49. Rd1 1-0

[Event "Saint Affrique op 11th"]
[Site "Saint Affrique"]
[Date "2003.07.20"]
[Round "2"]
[White "Roche, Christian"]
[Black "Cwiek, Loic"]
[Result "1-0"]
[WhiteElo "1943"]
[BlackElo "2155"]
[PlyCount "53"]
[EventDate "2003.07.19"]
[EventType "swiss"]
[EventRounds "9"]
[EventCountry "FRA"]
[SourceTitle "CBM 095 Extra"]
[Source "ChessBase"]
[SourceDate "2003.09.04"]
[SourceVersion "1"]
[SourceVersionDate "2003.09.04"]
[SourceQuality "1"]

1. e4 c5 2. Nf3 Nc6 3. d4 cxd4 4. c3 dxc3 5. Nxc3 d6 6. Bc4 Bg4 7. Bxf7+ Kd7 8. e5 Bxf3 9. Qxf3 Qa5 10. exd6 exd6 11. 0-0 Nf6 12. Bd2 Qb6 13. Qf5+ Kd8 14. Bg5 Be7 15. Rfd1 Rf8 16. Bb3 Nd4 17. Rxd4 Qxd4 18. Rd1 Qb6 19. Nd5 Qc6 20. Nxe7 Kxe7 21. Qe6+ Kd8 22. Rxd6+ Qxd6 23. Qxd6+ Ke8 24. Qe6+ Kd8 25. Ba4 Kc7 26. Qe7+ Kb6 27. Qd6+ 1-0

[Event "FRA-ch U18"]
[Site "Le Grand Bornand"]
[Date "2003.??.??"]
[Round "1.5"]
[White "Ricou, Pierre"]
[Black "Cwiek, Loic"]
[Result "1-0"]
[WhiteElo "2239"]
[BlackElo "1960"]
[PlyCount "109"]
[EventDate "2003.??.??"]
[EventType "swiss"]
[EventRounds "9"]
[EventCountry "FRA"]
[SourceTitle "EXT 2004"]
[Source "ChessBase"]
[SourceDate "2003.11.25"]
[SourceVersion "1"]
[SourceVersionDate "2003.11.25"]
[SourceQuality "1"]

1. e4 c5 2. Nf3 Nc6 3. d4 cxd4 4. Nxd4 g6 5. Nc3 Bg7 6. Be3 Nf6 7. Bc4 0-0 8. Bb3 d6 9. f3 Bd7 10. Qd2 Qa5 11. 0-0-0 Rfc8 12. Kb1 Ne5 13. Bh6 Nc4 14. Bxc4 Bxh6 15. Qxh6 Rxc4 16. Nb3 Qh5 17. Qe3 b5 18. h4 b4 19. Nd5 Qe5 20. g4 Nxg4 21. fxg4 Rxe4 22. Qg5 Bxg4 23. Rd2 Bf3 24. Rf1 Re1+ 25. Rxe1 Qxe1+ 26. Nc1 Bxd5 27. Qxd5 Rc8 28. h5 Qe5 29. hxg6 Qxd5 30. gxh7+ Kxh7 31. Rxd5 Kg6 32. Nd3 Rh8 33. Kc1 Rh4 34. Rb5 f5 35. Rxb4 Rh1+ 36. Kd2 e5 37. Rb7 Rh2+ 38. Kc3 f4 39. Rd7 Kf5 40. Rxd6 f3 41. Rd5 Re2 42. Rxe5+ Rxe5 43. Nxe5 Kxe5 44. Kd2 Kf4 45. Ke1 Ke3 46. c4 Kd4 47. b3 a5 48. Kf2 a4 49. Kxf3 a3 50. Ke2 Kc3 51. c5 Kb2 52. c6 Kxa2 53. c7 Kxb3 54. c8Q a2 55. Qh8 1-0